00954cam a2200241 a 450000100100000000500170001000800410002702500170006803500190008503500180010404000420012204200120016408200200017610000360019624500900023226001010032230000210042350000570044465000440050165000600054565000520060565000550065700001798620200929165314.0740107s1966 pr b 000 p spa d aLACAP68-1502 a(DLC) 68083805 a(OCoLC)771427 aDO-SdBNPcVtUdOCoLCdCNEdDLCdBNPHU apremarc aPR863.44bH558p1 aHernández Aquino, Luisd1907-10aPoetas de Lares :bantología /cSelección y prólogo de Luis Hernández Aquino. aSan Juan, Puerto Rico :bInstituto de Cultura Puertorriqueña, Centro Cultural de Lares,c1966. a123 p. ;c22 cm. aIncluye bocetos bio-bibliográficas de los autores. 4aPoestas puertorriqueñosxBiografías 4aPoestas puertorriqueñosxCrítica e interpretación 4aPoesía puertorriqueñaxHistoria y crítica 4aLiteraturas puertorriqueñaxHistoria y crítica